Statistics for Famous Trains

Click here to take the quiz!

General Stats

  • This quiz has been taken 267 times
  • The average score is 8 of 20

Answer Stats

HintAnswer% Correct
Japan's high-speed train serviceShinkansen
82%
France's high-speed train serviceTGV
77%
Their trains use the Channel Tunnel to connect London with the mainlandEurostar
63%
Paris-Constantinople service famously
known thanks to an Agatha Christie novel
Orient Express
61%
Germany's high-speed train serviceICE
59%
Longest railway line in the worldTrans-Siberian Railway
57%
This blue locomotive reached 126mph in 1938,
a record which hasn't been broken by a steam locomotive since
Mallard
49%
Express train between London and Scotland since 1862Flying Scotsman
47%
This type of train set a new record by reaching 603km/hMaglev
46%
Night train between London and Scotland
(Hint: Think of the Roman name of Scotland)
{Caledonian} Sleeper
44%
South African luxury train known for its colour{Blue} Train
36%
Used to transport Her Majesty the QueenBritish Royal Train
33%
Flagship service between Boston and Washington, D.C.Acela
31%
Suburban rail serving Greater Londonthe Overground
25%
This train connects Chicago with the Bay AreaCalifornia {Zephyr}
24%
Scenic Swiss mountain "express" connecting Zermatt and St. Moritz{Glacier} Express
23%
Connects Adelaide and Darwin through the Australian desertThe Ghan
21%
Indian luxury tourist train named after a type of Hindu prince{Maharajas}' Express
12%
Steam train in Ushuaia known for being the southernmost active rail lineTrain of the
{End} of the {World}
10%
New Zealand tourist train crossing the Southern AlpsTranzAlpine
5%

Score Distribution

Percentile by Number Answered

Percent of People with Each Score

Your Score History

You have not taken this quiz